000
00216nam a22000977a 4500
082
_a
940 EUR'O
245
_a
EUROPE AND THE MODERN WORLD SINCE 1870
260
_a
NEWYORK
_b
SCOTT
_c
1954
300
_a
1062P
942
_c
BK
999
_c
568018
_d
568018